00271pam a2200109 a 4500020000500000041000500005100002700010245006600037250000900103260004000112300000900152 c h aSamir Sinha.,eAuthor. aHandbook Wildlife Law Enforcement in IndiahTextual Documents a1st. a[s.l]:bNatraj Publisher Dhear Dun. a198.